Guts And Blackpowder True or False - Statistics

General Stats
  • This quiz has been taken 289 times
    256 since last reset
  • The average score is 18 of 25
Answer Stats
Question Answer % Correct
You can break your legs. True
97%
The Drum increase melee attack speed. True
93%
You can die from your own grenades True
93%
The French Empire is every single map. False
92%
The Nock Gun can technically deal the most damage. True
92%
You can survive meleeing a bomber by using the pike. True
90%
The Delicious Leg can heal you. False
89%
Before the revamp, Vardohus Fortress was the only map that was both an objective and endless map. True
87%
The "Chaplain" class can heal you. False
84%
Spain is a playable nation. False
83%
The Crucifix will cure infected players. False
83%
The Double Barrel Pistol is the only weapon with 2 barrels. False
81%
The "Musician" class used to be called, the "Fifer" class. True
78%
The "Chaplain" class can not get infected. True
77%
The Zapper can only spawn when a Sapper gets infected. False
74%
It takes 4 Shamblers grabbing you to kill you automatically. True
72%
The "Charge" ability will make you unable to get tackled by runners. False
70%
The Heavy Sabre's side swings can not always one shot Runners. True
69%
There are more respawn points on Copenhagen than San Sebastian. True
67%
You need to last 25 waves in endless by yourself to get the "Alone, At The End Of The World" badge. False
58%
Only the French Empire and the United Kingdom have a Navy False
56%
The "Seaman" class is the only class with guns that have a knockback. False
54%
You can be tackled by 4 Runners at a time. False
46%
Berezina is the only holdout map in Vanilla servers. True
36%
The shovel can entrench barriers. False
26%
No matching quizzes found
Score Distribution
Percent of People with Each Score
Percentile by Number Answered
Your Score History
You have not taken this quiz since the last reset